Carta sobre la tolerancia.

Uloženo v:
Podrobná bibliografie
Hlavní autor: Locke, John (autor)
Další autoři: Bravo Gala, Pedro (edición)
Médium: Kniha
Jazyk:španělština
Vydáno: Madrid, España: Tecnos, 1985.
Vydání:3ª edición.
Edice:Colección Clásicos del pensamiento, 1
Témata:
Tagy: Přidat tag
Žádné tagy, Buďte první, kdo vytvoří štítek k tomuto záznamu!

MARC

LEADER 00000nam a2200000 a 4500
001 UCW7937
003 CL-VaPUC
005 20240822162525.0
008 871006e19940000SP |||||||||||||||||spa|d
999 |c 435842  |d 435840 
040 |c Pontificia Universidad Católica de Valparaíso 
082 0 4 |a 146.4 LOC 1994  |2 21 
100 |a Locke, John  |e autor  |9 258383 
245 1 0 |a Carta sobre la tolerancia. 
250 |a 3ª edición. 
260 |a Madrid, España:   |b Tecnos,   |c 1985. 
300 |a 71 páginas  
490 0 |a Colección Clásicos del pensamiento,   |v 1 
500 |a c.1. Donación Familia Prof. Alejandro Guzmán Brito. 
583 |a last modification  |c 19871006 00:00:00  |k Cristina María Rojas Aguilar 
600 0 |a Locke, John  |d 1632-1704  |9 860808 
650 0 |a Tolerancia  |9 313098  |x Ensayos  
650 0 |a Filosofía inglesa  |9 255676 
700 |a Bravo Gala, Pedro   |e edición  |9 870351 
942 |c BK  |2 ddc  |n 0 
952 |0 0  |1 0  |2 ddc  |4 0  |6 146_400000000000000_LOC_1994  |7 0  |8 C_AGB  |9 583500  |a BIBDER  |b BIBDER  |d 2022-06-07  |e Donación   |i 5651629  |o 146.4 LOC 1994  |p 5651629  |r 2023-01-25  |t 1  |w 2022-06-07  |y BK_US  |k AGB